[Event "Villahermosa Mexican op (Women)"]
[Site "Villahermosa"]
[Date "2021.08.06"]
[Round "4"]
[White "Mateos Lopez, Jennifer Kas"]
[Black "De Dios Suarez, Mayra Valentina"]
[Result "0-1"]
[WhiteElo "1489"]
[BlackElo "1537"]
[PlyCount "80"]
[EventDate "2021.08.05"]
[EventType "swiss"]
[EventRounds "9"]
[EventCountry "MEX"]
[SourceTitle "EXT 2022"]
[Source "ChessBase"]
[SourceDate "2021.10.06"]
[SourceVersion "1"]
[SourceVersionDate "2021.10.06"]
[SourceQuality "1"]

1. d4 d5 2. Bg5 Nf6 3. Bxf6 exf6 4. e3 Be6 5. Bd3 Bd6 6. Nd2 Nd7 7. Qf3 Nb6 8. Ne2 Qd7 9. h3 c6 10. 0-0 Nc8 11. e4 Ne7 12. Qe3 0-0 13. Ng3 Rae8 14. f4 dxe4 15. Bxe4 f5 16. Bd3 Ng6 17. Nb1 Bc4 18. Qd2 Bxd3 19. cxd3 Bxf4 20. Rxf4 Nxf4 21. Qxf4 Re1+ 22. Kh2 g6 23. b3 Rfe8 24. d5 cxd5 25. Qd4 f4 26. Qxf4 Rd1 27. a4 Ree1 28. Ra2 Rxb1 29. Rc2 Re7 30. Qb8+ Re8 31. Qxa7 Rxb3 32. Qd4 Ra3 33. Qf4 Rxa4 34. d4 Rc4 35. Rf2 b5 36. h4 Qc7 37. Qf6 Re3 38. Qg5 Rcc3 39. Rf3 Rxf3 40. gxf3 Rxf3 0-1

[Event "Villahermosa Mexican op (Women)"]
[Site "Villahermosa"]
[Date "2021.08.05"]
[Round "1"]
[White "Carreras Mendiolea, Paulina Adriana"]
[Black "Mateos Lopez, Jennifer Kas"]
[Result "1/2-1/2"]
[WhiteElo "1792"]
[BlackElo "1489"]
[PlyCount "140"]
[EventDate "2021.08.05"]
[EventType "swiss"]
[EventRounds "9"]
[EventCountry "MEX"]
[SourceTitle "EXT 2022"]
[Source "ChessBase"]
[SourceDate "2021.10.06"]
[SourceVersion "1"]
[SourceVersionDate "2021.10.06"]
[SourceQuality "1"]

1. e4 d5 2. exd5 Nf6 3. Nf3 Bg4 4. Be2 Qxd5 5. Nc3 Qd7 6. Ne5 Bxe2 7. Qxe2 Qc8 8. 0-0 e6 9. d4 Be7 10. Bf4 0-0 11. Rad1 Rd8 12. Rfe1 c6 13. a3 Nbd7 14. Nxf7 Kxf7 15. Qxe6+ Kf8 16. Qxe7+ Kg8 17. Qe6+ Kh8 18. Be5 Re8 19. Qc4 Nb6 20. Qd3 Qe6 21. h3 Rf8 22. Ne4 Nxe4 23. Qxe4 Qf7 24. Qh4 Nc4 25. Rd3 Rae8 26. b4 Qf5 27. Qg3 Qd7 28. f4 Rf7 29. Qg4 Qd8 30. Rg3 Nxe5 31. fxe5 g6 32. c3 Ref8 33. e6 Qe7 34. Rge3 Rf4 35. Qg3 Kg8 36. Rf3 R4f6 37. Rxf6 Qxf6 38. e7 Re8 39. Qe5 Qxe5 40. Rxe5 Kf7 41. Kf2 Rxe7 42. Rxe7+ Kxe7 43. Ke3 Ke6 44. a4 Kd5 45. b5 cxb5 46. axb5 Kc4 47. Ke4 Kxb5 48. d5 a5 49. Ke5 a4 50. d6 a3 51. d7 a2 52. d8Q a1Q 53. Qd5+ Kb6 54. Qb3+ Ka7 55. Qc2 Qa5+ 56. Kf4 Qc7+ 57. Kf3 Qf7+ 58. Kg3 Qc7+ 59. Kf2 Qc5+ 60. Kf1 Qf5+ 61. Qxf5 gxf5 62. Ke2 Kb6 63. g4 fxg4 64. hxg4 Kc5 65. Kd3 b5 66. g5 Kd5 67. Ke3 Ke5 68. Kd3 Kf5 69. c4 bxc4+ 70. Kxc4 Kg4 1/2-1/2